Kresba základný výtvarný prejav v dizajne
Gespeichert in:
| 1. Verfasser: | |
|---|---|
| Format: | Buch |
| Sprache: | Slowakisch |
| Veröffentlicht: |
Bratislava :
STU v Bratislave FA,
2000
|
| Schlagworte: | |
| Tags: |
Keine Tags, Fügen Sie das erste Tag hinzu!
|
MARC
| LEADER | 00000nam a22000003a 4500 | ||
|---|---|---|---|
| 001 | stu61512 | ||
| 005 | 20150617225651.1 | ||
| 008 | 011023s2000------------------------slo-d | ||
| 040 | |a STU |b slo | ||
| 041 | 0 | |a slo | |
| 100 | 1 | |a Haščák, Jozef |4 aut | |
| 245 | 1 | |a Kresba základný výtvarný prejav v dizajne | |
| 260 | |a Bratislava : |b STU v Bratislave FA, |c 2000 | ||
| 300 | |a nestr | ||
| 650 | 7 | |a design |2 estusub | |
| 650 | 7 | |a kresba |2 stusub | |
| 996 | |b 284AB00348 |c A*76 V |l AAKNST |s P |a 0 |w stu61512_0001 | ||